000 00286nam a22001097a 4500
008 170110b xxu||||| |||| 00| 0 eng d
020 _a9781582550725
041 _aeng
080 _25TH
_a618.2
245 _aNURSING DIAGNOSIS REFERENCE MANUAL
_cSPARKS, SH.M & TAYLOR, C.M
942 _2udc
_cBK
999 _c2671
_d2671